书目信息 |
| 题名: |
以人为中心疗法
|
|
| 作者: | 威尔金斯 著 ;辛志勇 , 顾冰 , 岑明颖 译 | |
| 分册: | ||
| 出版信息: | 北京 化学工业出版社 2019.02 |
|
| 页数: | 263页 | |
| 开本: | 24cm | |
| 丛书名: | 心理咨询与治疗100个关键点译丛 | |
| 单 册: | ||
| 中图分类: | B841 , R749.055 | |
| 科图分类: | ||
| 主题词: | 精神疗法--jing shen liao fa | |
| 电子资源: | ||
| ISBN: | 978-7-122-29853-9 | |
| 000 | 01900nam 2200373 450 | |
| 001 | 0105143334 | |
| 005 | 20201105143351.0 | |
| 010 | @a978-7-122-29853-9@dCNY68.00 | |
| 100 | @a20171222d2019 em y0chiy50 ea | |
| 101 | 1 | @achi@ceng |
| 102 | @aCN@b110000 | |
| 105 | @ay az 000yy | |
| 106 | @ar | |
| 200 | 1 | @a以人为中心疗法@Ayi ren wei zhong xin liao fa@dPerson-centred therapy: 100 key points & techniques@e100个关键点与技巧@f(英)保罗·威尔金斯著@fPaul Wilkins@g辛志勇,顾冰,岑明颖等译@zeng |
| 210 | @a北京@c化学工业出版社@d2019.02 | |
| 215 | @a263页@d24cm | |
| 225 | 2 | @a心理咨询与治疗100个关键点译丛@Axin li zi xun yu zhi liao 100ge guan jian dian yi cong |
| 305 | @a译自原著第二版 | |
| 306 | @a本书中文简体字版由Taylor & Francis Group授权化学工业出版社独家出版发行。 | |
| 314 | @a保罗·威尔金斯(PaulWilkins)是一位以人为中心方法的专业研究者、实践者及管理者,彻斯特大都会大学(ManchesterMetropolitanUniversity)知名讲师。 | |
| 320 | @a有书目(第239-257页) | |
| 330 | @a《以人为中心疗法:100个关键点与技巧》在讨论以人为中心疗法的经典理论之前,首先对支撑以人为中心疗法的原理和哲学思想进行了思考。进而讨论了如下领域的内容。人的模型,包括心理和情感困扰的根源;建设性改变的过程;对以人为中心理论的发展和完善进行了评述;儿童发展、自我加工和自我完型风格;存在品质以及立足于关系深度的工作。对这一方法的批评观点被强调也被反驳,理论在实践中的应用也被讨论。 | |
| 461 | 0 | @12001 @a心理咨询与治疗100个关键点译丛 |
| 510 | 1 | @aPerson-centred therapy: 100 key points & techniques@zeng |
| 517 | 1 | @a100个关键点与技巧@A100 ge guan jian dian yu ji qiao |
| 606 | 0 | @a精神疗法@Ajing shen liao fa |
| 690 | @aB841@v5 | |
| 690 | @aR749.055@v5 | |
| 701 | 1 | @a威尔金斯@Awei er jin si@4著@c(英)@c(Wilkins, Paul) |
| 702 | 0 | @a辛志勇@Axin zhi yong@4译 |
| 702 | 0 | @a顾冰@Agu bing@4译 |
| 702 | 0 | @a岑明颖@Acen ming ying@4译 |
| 801 | 0 | @aCN@bBJSZM@c20201105 |
| 905 | @b1263025-6@dB841@e3672@f2 | |
| 以人为中心疗法=Person-centred therapy: 100 key points & techniques:100个关键点与技巧/(英)保罗·威尔金斯著/Paul Wilkins/辛志勇,顾冰,岑明颖等译.-北京:化学工业出版社,2019.02 |
| 263页;24cm.-(心理咨询与治疗100个关键点译丛) |
| ISBN 978-7-122-29853-9:CNY68.00 |
| 《以人为中心疗法:100个关键点与技巧》在讨论以人为中心疗法的经典理论之前,首先对支撑以人为中心疗法的原理和哲学思想进行了思考。进而讨论了如下领域的内容。人的模型,包括心理和情感困扰的根源;建设性改变的过程;对以人为中心理论的发展和完善进行了评述;儿童发展、自我加工和自我完型风格;存在品质以及立足于关系深度的工作。对这一方法的批评观点被强调也被反驳,理论在实践中的应用也被讨论。 |
| ● |
| 相关链接 |
|
|
|
|
正题名:以人为中心疗法
索取号:B841/3672
 
预约/预借
| 序号 | 登录号 | 条形码 | 馆藏地/架位号 | 状态 | 备注 |
| 1 | 1263025 | 212630250 | 第一样本阅览室/ [索取号:B841/3672] | 在馆 | |
| 2 | 1263026 | 212630269 | 第一借阅区/ [索取号:B841/3672] | 在馆 |